Modern economic issues and problems
Salvato in:
| Altri autori: | , , |
|---|---|
| Natura: | Libro |
| Lingua: | inglese |
| Pubblicazione: |
Bratislava
KARTPRINT
2016
|
| Soggetti: | |
| Tags: |
Nessun Tag, puoi essere il primo ad aggiungerne!!
|
MARC
| LEADER | 00000nam a2200000 4500 | ||
|---|---|---|---|
| 001 | 0221000 | ||
| 005 | 20230109072713.5 | ||
| 020 | |a 978-80-89553-37-2 | ||
| 041 | 0 | |a eng | |
| 044 | |a SK | ||
| 245 | 1 | 0 | |a Modern economic issues and problems |c editors: Aneta Sokół, Anna Drab-Kurowska, Sergii Y. Kasian |
| 264 | 1 | |a Bratislava |b KARTPRINT |c 2016 | |
| 300 | |a 135 s. | ||
| 610 | 2 | 0 | |a politika hospodárska |
| 610 | 2 | 0 | |a dôsledky sociálne |
| 610 | 2 | 0 | |a integrácia |
| 610 | 2 | 0 | |a regulácia trhu |
| 610 | 2 | 0 | |a teórie ekonomické |
| 610 | 2 | 0 | |a trh práce |
| 610 | 2 | 0 | |a pohyb síl pracovných |
| 610 | 2 | 0 | |a doprava cestná |
| 610 | 2 | 0 | |a emisie |
| 610 | 2 | 0 | |a úroveň životná |
| 610 | 2 | 0 | |a domácnosti |
| 610 | 2 | 0 | |a víno |
| 610 | 2 | 0 | |a produkcia |
| 610 | 2 | 0 | |a technológie nové |
| 610 | 2 | 0 | |a spolupráca cezhraničná |
| 610 | 2 | 0 | |a technológie informačné |
| 610 | 2 | 0 | |a Európska únia |
| 700 | 1 | |a Sokół, Aneta | |
| 700 | 1 | |a Drab-Kurowska, Anna | |
| 700 | 1 | |a Kasian, Sergii Y. | |